00488 2200181 4500001002100000005001500021008004100036020002200077035002000099082000800119084001400127100001800141245005100159260004400210300003000254650001000284990001200294INLIS00000000000271820251007092731251007 0  a978-623-7478-37-9 a0010-0925000065 a600 a600 DEN p aDeni Rusmawan1 aPanen Rupiah : Budi Daya Nila /cDeni Rusmawan aJakarta :bEsensi Erlangga Group,c2023 a126 hlm ;c(15,5 x 23 cm) 4aFiksi a0754920